000 00663nam a22001935i 4500
001 157360
003 ES-MaACL
005 20250627063651.0
008 000209s1853 fr |||| | fre d
040 _aCCPB | B
_bspa
_cCCPB | B
100 1 _aViollet-le-Duc, Emmanuel Louis Nicolas,
_d1781-1857
_9133787
245 1 0 _aSix mois de la vie d'un jeune homme (1797) /
_cpar Viollet le Duc.
260 _aParis :
_bP. Jannet,
_c1853.
300 _aVII, 255 p. ;
_c17 cm.
490 1 _aBibliothèque elzévirienne ;
_v105
830 0 _aBibliothèque elzévirienne ;
_v105
_9180979
852 _aES-MaACL
_jG-2368
_z-- Enc. tela
999 _c157360
_d157360